000 00796nam a2200241Ia 4500
003 OSt
005 20221005113513.0
006 a|||||r|||| 00| 0
007 ta
008 221004b |||||||| |||| 00| 0 pan d
020 _a8176471135 (hbk)
_c75
024 _a95950
037 _b72879, 31/12/2008, Arsee Publishers
_cTextual
040 _aCRL
_cCRL
_bpan
041 _2pan
_apan
082 _aV243wM38, 153P3
100 _aਸੋਹਣ ਸਿੰਘ
245 0 _aਦੁਖੀਏ ਮਾਂੑਪੁੱਤ
260 _aਲੁਧਿਆਣਾ
_bਲਾਹੌਰ ਬੁੱਕ ਾਪ ਭਾਰਤ
_c2003
300 _a168ਪੰ
_ccm.
942 _hV243wM38, 153P3
_cTEXL
_2cc
999 _c1028392
_d1028392